Курс теоретической механики. Статика. Кинематика. Динамика: учебник; Статика; Кинематика; Динамика

Библиографические подробности
Главный автор: Яблонский А. А. Александр Александрович
Другие авторы: Никифорова В. М. Валентина Михайловна
Язык:русский
Опубликовано: СПб., Лань, 2002
Издание:9-е изд., стер.
Содержание:А. А. Яблонский, В. М. Никифорова, Статика; Кинематика;
А. А. Яблонский, Динамика;
Серии:Учебники для вузов. Специальная литература
Предметы:
Формат: Книга
Запись в KOHA:https://koha.lib.tpu.ru/cgi-bin/koha/opac-detail.pl?biblionumber=59058

MARC

LEADER 00000nam0a2200000 4500
001 59058
005 20231031055847.0
010 |a 5811403909 
035 |a (RuTPU)RU\TPU\book\62411 
090 |a 59058 
100 |a 20031216d2002 m y0rusy50 ca 
101 0 |a rus 
102 |a RU 
105 |a a j 001zy 
200 1 |a Курс теоретической механики. Статика. Кинематика. Динамика  |e учебник  |f А. А. Яблонский, В. М. Никифорова 
205 |a 9-е изд., стер. 
210 |a СПб.  |c Лань  |d 2002 
215 |a 768 с.  |c ил. 
225 1 |a Учебники для вузов. Специальная литература 
320 |a Библиография: с. 741. 
320 |a Именной и предметный указатель: с. 742-750. 
451 1 |0 (RuTPU)RU\TPU\book\97887  |y 5-8114-0390-9  |t Курс теоретической механики  |o учебное пособие для вузов по техническим специальностям  |f А. А. Яблонский, В. М. Никифорова  |e 9-е изд., стер.  |c М.  |n Лань  |d 2004  |p 763, [1] с.  |a Яблонский, Александр Александрович 
451 1 |0 (RuTPU)RU\TPU\book\39918  |y 5-8114-0390-9  |t Курс теоретической механики  |e 8-е изд., стер.  |c СПб.  |n Лань  |d 2001  |p 768 с.  |s Учебники для вузов. Специальная литература  |a Яблонский, Александр Александрович 
451 |t  Статика. Кинематика 
451 |t Динамика  |o учебное пособие для вузов  |f А. А. Яблонский, В. М. Никифорова 
464 |t Статика; Кинематика  |h Ч. 1  |f А. А. Яблонский, В. М. Никифорова 
464 |t Динамика  |h Ч. 2  |f А. А. Яблонский 
610 1 |a теоретическая механика 
610 1 |a статика 
610 1 |a кинематика 
610 1 |a сходящиеся силы 
610 1 |a пары сил 
610 1 |a момент силы 
610 1 |a центр тяжести 
610 1 |a точки 
610 1 |a скорость 
610 1 |a ускорение 
610 1 |a твердые тела 
610 1 |a движение 
610 1 |a динамика 
610 1 |a теоремы 
610 1 |a теорема Резаля 
610 1 |a работа 
610 1 |a кинетическая энергия 
610 1 |a изменения 
610 1 |a удар 
610 1 |a принцип Германа-Эйлера- Даламбера 
675 |a 531(075.8)  |v 3 
700 1 |a Яблонский  |b А. А.  |g Александр Александрович 
701 1 |a Никифорова  |b В. М.  |g Валентина Михайловна 
801 1 |a RU  |b 63413507  |c 20031216  |g PSBO 
801 2 |a RU  |b 63413507  |c 20140408  |g PSBO 
900 |a Теоретическая механика 
942 |c BK 
952 |a 550000  |b 010500